1282 1067 1938 1275 1219 1051 1758 1775 1978 1313 1802 1261 1185 1190 1454 1486 1162 1528 1295 1475 1871 1529 1859 1981 1553 1519 1827 1858 1495 1298 1297 1686 1336 1560 1018 1145 1561 1517 1979 1255 1791 1886 1555 1629 1792 1999 1711 1548 1899 1678 1143 1805 1498 1124 1819 1006 1154 1227 1636 1758 1784 1516 1440 1540 1173 1254 1041 1021 1380 1015 1527 1809 1915 1389 1893 1979 1904 1170 1560 1682 1929 1049 1995 1510 1218 1574 1548 1425 1419 1013 1963 1989 1487 1209 1870 1781 1827 1769 1902 BCNSPRNW ULIB Ver.6.0+V

เปลี่ยนเป็นภาษาไทย

Change to English
 แสดงรายละเอียดบรรณานุกรม
  กลับหน้าหลัก

Brief Record : Get Marc (ISO 2709) : E-mail record : QR code < ปิดหน้าต่าง
LEADER : 00000nam 2200000uu 4500
001    13399112924
003     ULIB
008    110627s2551||||th 000 0 tha d
020    9789740417620
090    นว.^bจ757ต 2551
100 0  เจ้าปลาน้อย
245 00 เตกีล่า 99 พนันหัวใจในเกมรัก/^cเจ้าปลาน้อย
250    พิมพ์ครั้งที่ 1
260    กรุงเทพฯ :^bแจ่มใส,^c2551
300    216 หน้า
710 1  แจ่มใส
945    ^p159^l0^i023595
995    ทศพร
999 ^a ใช้งานได้ทุกระบบ
รายการนี้ยังไม่มีแท็ก
คุณยังไม่ได้ล็อกอิน คุณสามารถมีกิจกรรมร่วมกับเว็บไซต์ได้ แต่ต้องล็อกอินก่อน ::
  ล็อกอิน

รายการสื่อสารสนเทศ

ลำดับที่ ประเภท เลขเรียก/บาร์โค้ด สถานที่ สถานะ
- ไม่พบข้อมูล -

รายการใกล้เคียง
    ผู้แต่ง [เจ้าปลาน้อย]

BibComment


ยังไม่เคยถูกคอมเมนท์

คอมเมนท์ทรัพยากรรายการนี้
  คอมเมนท์: เตกีล่า 99 พนันหั..


 Copyright 2026. Bcnsprnw @Library